Statistics for U.S. States with an (almost) Unique Letter

Click here to take the quiz!

General Stats

  • This quiz has been taken 213 times
  • The average score is 6 of 8

Answer Stats

LetterAnswer% Correct
FFlorida
91%
XTexas
91%
XNew Mexico
82%
ZArizona
81%
JNew Jersey
81%
BAlabama
76%
FCalifornia
60%
BNebraska
60%

Score Distribution

Percentile by Number Answered

Percent of People with Each Score

Your Score History

You have not taken this quiz